000 00455nam a2200133 a 4500
008 120416s1968 xx |||||||||||||| || u
050 _aTS 227 Lan
100 _aLancaster, J. F
245 1 4 _aThe metallurgy of welding brazing and soldering
250 _a2nd ed.
260 _c1968
350 _a0.00
995 _D0.00
_FCBU-MAIN LIBRARY (Kitwe)
_H1
_I5.50
_UAVAILABLE
_ZMain Library Open Access Collection
999 _c51020
_d51020